| 000 | 00849cab a2200181 4500 | ||
|---|---|---|---|
| 001 | ##L132284 | ||
| 008 | 060124n2006 000 0 eng u | ||
| 035 | _a(Sirsi) u132284 | ||
| 041 | 0 | _aeng | |
| 100 | 1 | _aMahony, Chris | |
| 245 | 0 | 0 | _aWhat lies beneath? |
| 260 | _c2006 | ||
| 490 | 4 |
_aRICS Building Surveying Faculty: The Journal _vJanuary / February 2006, 6-7(2) |
|
| 520 | _aAdvises surveyors on how to identify modern methods of construction, by careful examination of such features as openings, eaves junctions, damp-proof courses and weepholes, pointing and external wall junctions with the ground, floor and wall thickness, and roof voids. Also emphasises the importance of local site and area knowledge. | ||
| 590 | _aIKA310106 | ||
| 690 | _aBUILT ENVIRONMENT-CONSTRUCTION MANAGEMENT-CONSTRUCTION DESIGN AND MANAGEMENT | ||
| 942 | _n0 | ||
| 999 |
_c76387 _d76387 |
||